Camino a la plenitud : descubriendo el amor = Brick Lane /

A los 17 años de edad, una joven bangladesí abandona su país, a su hermana y a su padre para mudarse a Londres en un matrimonio arreglado. Durante 18 años, su hermana le describe su vida libre y a través de sus cartas, la mujer casada vive las aventuras que el mundo le depara a alguien sin compromis...

Descripció completa

Guardat en:
Dades bibliogràfiques
Autor principal: Gavron, Sarah (realización)
Altres autors: Jones, Laura (guión) (guión), Morgan, Abi (guión) (guión), Ryan, Robbie (fotógrafo) (fotógrafo), Oliver, Melanie (montaje) (montaje), Pook, Jocelyn (música) (música), Chatterjee, Tannishtha (actuación) (actuación), Kaushik, Satish (actuación) (actuación), Simpson, Christopher (actuación) (actuación)
Format: Diapositiva
Idioma:anglès
Matèries:
Etiquetes: Afegir etiqueta
Sense etiquetes, Sigues el primer a etiquetar aquest registre!

MARC

LEADER 00000ngm^a2200000^a^4500
001 000308321
005 20250521000000.0
009 20260310112912.45
037 |a Acervo ITESO - Biblioteca 
041 |a ING 
082 |a 820.  |b GAV 
100 |a Gavron, Sarah  |e (realización) 
245 1 0 |a Camino a la plenitud :  |b descubriendo el amor = Brick Lane /  |c Realización de S. Gavron. 
264 2 |a Los Angeles, EUA :  |b Sony Pictures [distribución],  |c 2010, c2010 
300 |a 1 DVD regiones 1 y 4  |c (102 min.) 
336 |a imagen móvil bidimensional  |b tdi  |2 rdacontenido 
337 |a video  |b v  |2 rdamedio 
338 |a videodisco  |b vd  |2 rdasoporte 
500 |a Basado en: Siete mares, trece ríos, de Monica Ali 
520 |a A los 17 años de edad, una joven bangladesí abandona su país, a su hermana y a su padre para mudarse a Londres en un matrimonio arreglado. Durante 18 años, su hermana le describe su vida libre y a través de sus cartas, la mujer casada vive las aventuras que el mundo le depara a alguien sin compromisos. Situada en el barrio bangladesí de Londres (que da nombre a la película en inglés) entre la década de 1980 y principios del siglo XXI, además de reflexionar sobre la falta de amor en la relación entre la protagonista y su esposo y el romance que ella sostiene con un proveedor de materiales de costura, también aborda la xenofobia y el racismo que se despiertan en la sociedad inglesa después de los ataques del 11 de septiembre de 2001 en Estados Unidos. 
546 |a En inglés, con subtítulos opcionales: español, portugués 
546 |a Doblaje opcional: español, portugués 
586 |a Premio BAFTA, de la Academia Británica de Cine y Televisión (61°: 2007): Mejor Director, Guionista o Productor Británico Novel – Premio Carl Foreman (finalista: Sarah Gavron, directora) 
586 |a Premio Booker 2003 (finalista): Adaptación de la obra 
649 |a XX 
650 |a Mujeres Bangladesíes -  |z Londres, Inglaterra -  |x Condiciones Sociales y Culturales -  |x Tema Principal 
650 |a Mujeres Bangladesíes -  |z Inglaterra -  |x Condiciones Sociales y Culturales 
650 |a Bangladesíes en Londres, Inglaterra -  |x Condiciones Sociales y Culturales 
650 |a Bangladesíes en Inglaterra -  |x Condiciones Sociales y Culturales 
650 |a Cine Social y Político 
650 |a Melodramas 
650 |a Dramas Cinematográficos 
650 |a Opera Prima 
650 |a Cine de Mujeres -  |z Inglaterra 
650 |a Cine Independiente -  |z Inglaterra 
650 |a Cine Inglés -  |y 2000-2009 
650 |a Cine Inglés -  |y Siglo XXI 
650 |a Novela Inglesa -  |x Adaptaciones para Cine 
650 |a Literatura Inglesa -  |y Siglo XXI -  |x Adaptaciones para Cine 
650 |a Literatura y Cine 
650 |a Infidelidad 
650 |a Amor 
650 |a Matrimonio 
650 |a Relaciones de Pareja 
650 |a Relaciones Intergénero 
650 |a Relaciones entre Hermanos 
650 |a Relaciones Interculturales -  |z Bangladesh-Inglaterra 
650 |a Emigración -  |z Bangladesh 
650 |a Inmigración -  |z Inglaterra 
650 |a Migración -  |z Bangladesh-Inglaterra -  |x Tema Principal 
650 |a Roles de Género -  |z Inglaterra 
650 |a Racismo -  |z Inglaterra 
650 |a Problemas Sociales -  |z Inglaterra 
650 |a Barrios -  |z Londres, Inglaterra 
650 |a Londres, Inglaterra en el Cine 
650 |a Ali, Monica 
700 |a Jones, Laura  |e (guión) 
700 |a Morgan, Abi  |e (guión) 
700 |a Ryan, Robbie  |e (fotógrafo) 
700 |a Oliver, Melanie  |e (montaje) 
700 |a Pook, Jocelyn  |e (música) 
700 |a Chatterjee, Tannishtha  |e (actuación) 
700 |a Kaushik, Satish  |e (actuación) 
700 |a Simpson, Christopher  |e (actuación) 
910 |a Fondo General 
920 |a Audiovisuales - DVDs 
940 |a Películas 
905 |a 302 
901 |a 0500201431  |b IT2  |c DVS  |i C127373  |u 20250521 
902 |a https://opac.biblio.iteso.mx/vufind/Record/000308321